| 000 | 00719nam a2200253 a 4500 | ||
|---|---|---|---|
| 999 |
_c2551 _d2551 |
||
| 001 | 015396882 | ||
| 003 | UkOxU | ||
| 005 | 20230713144119.0 | ||
| 008 | 020622r20021997enk j 000 0 eng | ||
| 020 | _a9780749646806 | ||
| 035 | _aBNB2698.1784 | ||
| 040 |
_cOX/U-1 _dKH8 |
||
| 082 | _a823.91 GOO | ||
| 100 | 1 |
_aGoodhart, Pippa. _eAuthor |
|
| 240 | 1 | 0 | _aMorning time |
| 245 | 1 | 0 |
_aMy morning time / _cPippa Goodhart & Brita Granström. |
| 260 |
_aLondon : _bWatts, _c2002. |
||
| 300 |
_a[20] p. : _bchiefly col. ill. ; _c22 cm. |
||
| 500 | _aOriginally published: as Morning time. 1997. | ||
| 650 | _achildren's stories | ||
| 700 | 1 |
_aGranström, Brita. _eAuthor |
|
| 830 | 0 | _aMe and my world | |
| 942 |
_2ddc _cBK |
||